000 00444nam a2200169Ia 4500
003 GCL
008 140319s9999 xx 000 0 eng d
040 _aGCL /
_cGCL
082 0 4 _a659.2
_bM M
100 1 _aMOGEL,LEONARD
245 1 0 _aMAKING IT IN PUBLIC RELATIONS /
_cMOGEL,LEONARD
260 _a[S.N] :
_bMACMILLAN PUBBISHING CO ،
_c1993
300 _a191 P
650 0 4 _aPUBLIC RELATIONS
650 0 4 _aUNTRITED STATES
942 _2ddc
_cBK
999 _c23569
_d23569